| 000 | 00598nam a22001577a 4500 | ||
|---|---|---|---|
| 003 | 0 | ||
| 005 | 20231106140126.0 | ||
| 008 | 221004b xxu||||| |||| 00| 0 eng d | ||
| 050 |
_aHG1615 _b.G66 2022 |
||
| 100 | _aAira Jaimee S. Gonzales | ||
| 245 |
_aThe effect of risk management practices on the financial performance of selected micro, small, and medium enterprises in Las Pinas City _cAira Jaimee S. Gonzales |
||
| 260 |
_aLas Pinas City, Philippines _bSouthville International School and Colleges _cc2022 |
||
| 300 |
_ax,117pp. _c28cm. _fTheses |
||
| 500 | _aRisk management. | ||
| 942 |
_2lcc _cTH |
||
| 999 |
_c364821 _d364821 |
||